Trace a Costa e as Fronteiras Internacionais do Brasil - Statistics

Estatísticas Gerais
  • Esse quiz foi jogado 129 vezes
  • A pontuação média é 22 de 27
Respostas no mapa
Respostas codificadas por cores de uma escala verde-vermelha no mapa do quiz de acordo com a % correta abaixo.
 
Estatísticas das Respostas
Estado % Correto
Amapá
99%
Pará
94%
Ceará
91%
Maranhão
91%
Paraíba
91%
Piauí
91%
Rio Grande do Norte
91%
Bahia
90%
Pernambuco
90%
Sergipe
90%
Alagoas
89%
Espírito Santo
88%
Rio de Janeiro
88%
Paraná
87%
Santa Catarina
87%
São Paulo
87%
Rio Grande do Sul
86%
Santa Catarina
80%
Paraná
77%
Mato Grosso do Sul
73%
Mato Grosso
70%
Rondônia
70%
Acre
67%
Amazonas
67%
Roraima
66%
Amapá
65%
Pará
65%
Nenhum quiz correspondente encontrado
Distribuição das Pontuações
Porcentagem de Pessoas com Cada Pontuação
Percentil de Números Respondidos
Sua Pontuação Histórica
Você não jogou esse quiz